header

Aligning financial supervisory structures with country needs (Record no. 49523)

MARC details
000 -LEADER
fixed length control field 01634nam a2200373Ia 4500
082 04 - DEWEY DECIMAL CLASSIFICATION NUMBER
Classification number 354.8/28
245 00 - TITLE STATEMENT
Title Aligning financial supervisory structures with country needs
260 ## - PUBLICATION, DISTRIBUTION, ETC. (IMPRINT)
Place of publication [Washington, D.C.] :
Name of publisher World Bank Institute,
Year of publication 2004.
300 ## - PHYSICAL DESCRIPTION
Number of Pages xviii, 263 p.
490 1# - SERIES STATEMENT
Series statement WBI learning resources series
500 ## - GENERAL NOTE
General note Papers presented at a conference entitled Aligning financial supervisory structure with country needs on Dec. 4-5, 2003 at the World Bank Institute in Washington, D.C.
650 #0 - SUBJECT ADDED ENTRY--TOPICAL TERM
Topical Term International finance
Topical Term Monetary policy
Topical Term Banks and banking, Central
700 1# - ADDED ENTRY--PERSONAL NAME
Personal name Carmichael, Jeffrey.
Personal name Fleming, Alexander.
Personal name Llewellyn, David T.
856 40 - ELECTRONIC LOCATION AND ACCESS
Uniform Resource Identifier http://site.ebrary.com/lib/rucke/Doc?id=10067181

No items available.

© 2026 Rongo University
Contact us: librarian | system librarian | Rongo university